Catalog

Record Details

Catalog Search



Lyrický zápisník : [Básně]  Cover Image Book Book

Lyrický zápisník : [Básně] / Viktor Fischl ; [S kresbami, obálkou a v úpravě Cyrila Boudy]

Record details

  • Physical Description: 69-[III] s. ; 8°
  • Edition: I. vydání
  • Publisher: Praha : Václav Petr, 1946

Available copies

  • 1 of 1 copy available at Common Catalog SPOK.

Holds

  • 0 current holds with 1 total copy.
Show Only Available Copies
Location Call Number / Copy Notes Barcode Shelving Location Status Due Date
The Jewish community of Prague K 377 4638303453 Stacks Available -

LDR 00663nam a2200205 a 4500
00129060
003CZ-PrJAB
00520021118000000.0
008021118s1946 xr f cze
015 . ‡acnb000394939
035 . ‡a(CZ PrSKC)vkol000616630
035 . ‡a(OCoLC)85171284
040 . ‡aOLA001 ‡bcze
1001 . ‡aFischl, Viktor, ‡d1912-2006 ‡7jo19990047113 ‡4aut
24510. ‡aLyrický zápisník : ‡b[Básně] / ‡cViktor Fischl ; [S kresbami, obálkou a v úpravě Cyrila Boudy]
250 . ‡aI. vydání
260 . ‡aPraha : ‡bVáclav Petr, ‡c1946 ‡e(v Přerově : ‡fFrant. Bartoš)
300 . ‡a69-[III] s. ; ‡c
4901 . ‡aEdice Lyrika ; ‡vSv. 13
830 0. ‡aEdice Lyrika
910 . ‡aABE461
995 . ‡aska
901 . ‡a29060 ‡b ‡c29060 ‡tbiblio ‡sSystem Local

Additional Resources